000 00432nam a22001697a 4500
005 20180316155659.0
008 160503b xxu||||| |||| 00| 0 eng d
020 _a81-203-2237-1
041 _aeng
082 _b1152
_a332.645
100 _aHull John C.
_9379
245 _aOptions, Futures, and other derivatives
260 _aNew Delhi
_bPrentice hall of India,
_c2003
300 _a743
650 _aManagement
_9241
942 _cBK
999 _c450
_d450